000 00606nam a2200229Ia 4500
003 OSt
005 20220918201309.0
006 a|||||r|||| 00| 0
007 ta
008 220917b |||||||| |||| 00| 0 eng d
024 _a92,974
037 _cTextual
040 _aARTS
_cARTS
_beng
041 _2eng
_aeng
082 _aV1N14, K71
100 _aRoith Jack J ed
_998016
245 0 _aWorld war I
_b a turning point in Modern History
260 _aN.Y
_bAlfred A Knof
_c1967
650 _aHISTORY
942 _hV1N14, K71
_cTEXL
_2CC
999 _c216622
_d216622